Vista normal Vista MARC

Entrada Topical Term

Número de registros utilizados en: 2

001 - CONTROL NUMBER

  • control field: 11883

003 - CONTROL NUMBER IDENTIFIER

  • control field: OSt

005 - DATE AND TIME OF LATEST TRANSACTION

  • control field: 20201023145852.0

008 - FIXED-LENGTH DATA ELEMENTS

  • fixed length control field: 201023|| aca||aabn | a|a d

040 ## - CATALOGING SOURCE

  • Original cataloging agency: OSt
  • Transcribing agency: OSt

150 ## - HEADING--TOPICAL TERM

  • Topical term or geographic name entry element: Matemáticas

670 ## - SOURCE DATA FOUND

  • Source citation: Work cat.: (OSt): Martínez Bencardino, Ciro, autor 11881, Estadística : , 1992.